Which Letter Was Added - Countries #1 - Statistics

General Stats
  • This quiz has been taken 36 times
  • The average score is 11 of 20
Answer Stats
Hint Answer % Correct
Russsia S
100%
Swittzerland T
100%
Mozamebique E
96%
Fijji J
85%
Guinnea N
85%
Lessotho S
85%
Austrailia I
73%
Uzbeckistan C
69%
Tuurkey U
69%
Rowanda O
46%
Knew Zealand K
38%
Djiboutti T
38%
Brazzil Z
38%
Cannada N
35%
Hounduras U
27%
Mongollia L
23%
Japann N
19%
South Koorea O
19%
Omann N
15%
Syyria Y
12%
No matching quizzes found
Score Distribution
Percent of People with Each Score
Percentile by Number Answered
Your Score History
You have not taken this quiz